| 000 | 00492nam a2200181 a 4500 | ||
|---|---|---|---|
| 005 | 20140310183439.0 | ||
| 008 | 080228s19uu xx 00 eng d | ||
| 020 | _a1841123668 | ||
| 050 |
_aHD 2848 _b.K52 2002 |
||
| 100 | _aKing, Nicolas | ||
| 245 |
_aEnterprise express / _cNicolas King |
||
| 260 |
_aUnited Kingdom : _bCapstone Publishing, _c2002. |
||
| 300 |
_a118 p. : _bill. ; _c20 cm. |
||
| 521 | _aBSBA | ||
| 650 | _aBusiness enterprise. | ||
| 942 |
_cBK _2lcc _kFOR |
||
| 999 |
_c23004 _d23004 |
||